000 01108naa a22003017a 4500
001 BR7703235
003 BR-BrBNA
005 20240918174002.0
007 ta
008 230509b bl.||||| |||| 00| 0 por d
040 _aBR-BrBNA
_bpor
_cBiblioteca Nacional de Agricultura
041 _a(Pt)
072 _aF50
_b3389
090 _aF50 BR7703235
100 1 _aMilanez, F.R.
111 1 _a26. Congresso Nacional de Botanica
_cRio de Janeiro, RJ (Brazil)
_d26 Jan 1975
245 1 _aOntogenese dos laticiferos continuos de Nerium oleander L. [Planta ornamental; Citologia vegetal]
_bParte de tese
260 3 _aRio de Janeiro, RJ (Brasil):
_c1977.
500 _aTrabalhos do 26. Congresso de Botanica Rio de Janeiro, RJ (Brasil): 1977. p. 343-379 (BR7703235-AM)F50
650 _aEstrutura vegetal
650 _aOleander
650 _aCitologia vegetal
650 _aPlanta ornamental
650 _aCelula vegetal
773 0 _tTrabalhos do 26. Congresso de Botanica
_wF50 BR7703235
_gRio de Janeiro, RJ (Brasil), 1977. p. 343-379
909 _a202404
_bLucia
_c55
_dLucia Elande
942 _cAM
_2AGRIS
999 _c308150
_d308150